000 00521nam a2200193Ia 4500
005 20250508161102.0
008 008 250505s9999 xx 000 0 eng d
020 _a0-442-26536-0
037 _aTextual
040 _aFEDL
_beng
_cFEDL
041 _aeng
_2eng
084 _a362.8, PER
_qFEDL
100 _aPerez Joseph F.
245 0 _aFamily counseling
260 _aNew York, USA
_bVan Nostrand Reinhold Company
_c1979
300 _ax,208p
942 _cTEXL
_h362.8, PER
999 _c1368349
_d1368349